A survey on the quality of sheet rubber from Kerala (Record no. 52727)

MARC details
000 -LEADER
fixed length control field 00528nam a2200145Ia 4500
100 ## - MAIN ENTRY--AUTHOR NAME
Personal name Nair N.R.
245 #2 - TITLE STATEMENT
Title A survey on the quality of sheet rubber from Kerala
260 ## - PUBLICATION, DISTRIBUTION, ETC. (IMPRINT)
Name of publisher In: Preprints of Papers. International Natural Rubber Conference, India 2005, 6-8 November 2005, Rubber Research Institute of India, Kottayam, Kerala, India, pp. 442-446.
Year of publication 2005
650 ## - SUBJECT ADDED ENTRY--TOPICAL TERM
Topical Term Kerala
650 ## - SUBJECT ADDED ENTRY--TOPICAL TERM
Topical Term Sheet rubber quality
700 ## - ADDED ENTRY--PERSONAL NAME
Personal name Nair R.B.
700 ## - ADDED ENTRY--PERSONAL NAME
Personal name Thomas K.T.
942 ## - ADDED ENTRY ELEMENTS (KOHA)
Koha item type Bibliography STAF
Holdings
Withdrawn status Lost status Damaged status Not for loan Home library Current library Date acquired Koha item type
      Bibliography RRII Library RRII Library 09/04/2014 Bibliography STAF